Lecciones de seguridad social

Zapisane w:
Opis bibliograficzny
1. autor: Arellano Ortiz, Pablo Andrés (autor)
Format: Książka
Język:hiszpański
Wydane: Santiago Librotecnia 2017
Wydanie:2a. ed
Hasła przedmiotowe:
Etykiety: Dodaj etykietę
Nie ma etykietki, Dołącz pierwszą etykiete!

MARC

LEADER 00000cam a2200000 a 4500
001 UCC0472
003 CL-VaPUC
008 170818e20170000cl |||||||||||||||||spa|d
020 |a 9789563271287 
082 0 4 |a 344.8302  |b ARE  |2 21 
100 |a Arellano Ortiz, Pablo Andrés  |e autor  |9 883573 
245 1 0 |a Lecciones de seguridad social 
250 |a 2a. ed 
300 |a 378 p 
942 |c BK 
945 |d 20170818 15:36:00  |a cmena 
260 |a Santiago  |b Librotecnia  |c 2017 
650 0 |a Seguridad social  |9 255322 
650 0 |a Política social  |9 257588 
650 7 |a LEGISLACION SOCIAL  |2 CL-VaPUC  |9 257176 
583 |a last modification  |c 20170818 15:36:00  |k Rodrigo Vera 
999 |c 369307  |d 369305 
952 |0 0  |1 0  |3 erb  |4 0  |6 344_830200000000000_ARE_2017  |7 0  |8 A  |9 485054  |a BIBDER  |b BIBDER  |i 5417503  |l 4  |o 344.8302 ARE 2017  |p 5417503  |r 2023-01-25  |s 2022-07-25  |w 2019-11-24  |y BK  |z Catalogado en:20170818  |k DER 
952 |0 0  |1 0  |3 erb  |4 0  |6 344_830200000000000_ARE_2017  |7 0  |8 A  |9 485055  |a BIBDER  |b BIBDER  |i 541749K  |l 2  |o 344.8302 ARE 2017  |p 541749K  |r 2023-01-25  |s 2022-11-18  |w 2019-11-24  |y BK  |z Catalogado en:20170818  |k DER